000 00643nam a22002057a 4500
003 OSt
005 20140310182916.0
008 130129t xxu||||| |||| 00| 0 eng d
020 _a9789715505543
050 _aPL6176
_b.G34 2008
082 _aF899.213
_b.G146 2008
245 _aThe promise of the nation :
_bgender, history, and nationalism in contemporary Ilokano literature /
_cGalam, Roderick G.
260 _aQuezon City :
_bAteneo de Manila University Press,
_cc2008.
300 _aix, 329 p. ;
_c23 cm.
521 _acolllege students
526 _c1210L-1700L
541 _j1
562 _e1
942 _2lcc
_cBK
_kFIL
999 _c17301
_d17301